000 01186nam a22003257a 4500
003 CHAP
005 20220329141045.0
008 971013s1996 r 00010 d
010 _a61984
011 _a62956
035 _a67132
040 _cCHAP
090 _aTesis
100 0 0 _aSánchez Omaña, Acela.
_9107737
245 _aEstudio de la dormición intraplanta en semillas de verdolaga (Portulaca oleracea L.) provenientes de tres colectas hechas en tres ambientes geográficos contrastantes
260 _aChapingo, Méx. :
_bEl autor,
_c1996
300 _a78 h.
_b: ilus. ; gráfs.
502 _aTesis (Ing. Agr. Esp. en Fitotecnia) -- UACH. Departamento deFitotecnia
590 _aALEPH
_b10
_c20130110
_lUCH01
_h1344
590 _aBATCH-UPD
_b10
_c20130110
_lUCH01
_h0547
590 _aBATCH-UPD
_b10
_c20130410
_lUCH01
_h0228
590 _aBATCH-UPD
_b10
_c20130914
_lUCH01
_h2018
590 _aCONVERSION
_b10
_c20130109
_lUCH01
_h1333
650 1 4 _aSemillas
_xLetargo.
_9103909
650 1 4 _aVerdolaga
_xSemilla.
_9118858
901 _aBK
942 _cFOLL
949 _bBC
_cTES
_d-152364
_eTS1
_h30953
_i67132
_si
949 _bBC
_cTES
_d33724000635108
_eTS2
_fc.2
_h30954
_i67132
_si
999 _c61984
_d61984